000
00230nam a22000977a 4500
999
_c
262681
_d
262680
020
_a
9781782858539
100
_a
Jessica Law
245
_a
A hole in the bottom of the sea.
260
_a
New York
_b
Barefoot Books
_c
2022
942
_c
BK